Χώρες που βρίσκονται πιο κοντά στην Ελλάδα - Statistics

General Stats
  • This quiz has been taken 334 times
  • The average score is 13 of 20
Answer Stats
χλμ χώρα % Correct
0 Αλβανία
98%
0 Βουλγαρία
97%
0 Τουρκία
96%
78 Ιταλία
93%
0 Βόρεια Μακεδονία
86%
114 Σερβία
82%
263 Κύπρος
82%
235 Ρουμανία
78%
178 Μαυροβούνιο
71%
270 Κροατία
71%
375 Αίγυπτος
70%
282 Βοσνία και Ερζεγοβίνη
62%
259 Λιβύη
52%
444 Μολδαβία
52%
572 Μάλτα
52%
566 Ουγγαρία
41%
624 Βατικανό
40%
433 Ουκρανία
39%
632 Ρωσία
27%
114 Κοσσυφοπεδίο
5%
No matching quizzes found
Score Distribution
Percent of People with Each Score
Percentile by Number Answered
Your Score History
You have not taken this quiz